000 00492nam a2200181Ia 4500
005 20250923144441.0
008 008 250917s9999 xx 000 0 eng d
037 _aTextual
040 _aDSWL
_beng
_cDSWL
041 _aeng
_2eng
084 _qDSWL
100 _aFurfey, P.H.
_9825025
245 0 _aScope and method of sociology
_cby P.H. Furfey
260 _aNew York
_b Harpero & Brothers
_c1953
300 _axii,556 p.
942 _cTEXL
999 _c1439022
_d1439022